000 00576nam a2200145Ia 4500
008 100204s9999 xx 000 0 und d
082 _b17283
100 _aमहाजन पद्माकर व इतर
245 _aआठवणीतल्या कविता भाग - 3
260 _b"एकनाथ साखळकर `` आठवण `` , मुंबई"
_c1993
300 _a158
630 _aआठवणीतल्या कविता भाग - 3
730 _aआठवणीतल्या कविता भाग - 3
942 _cBOOK
999 _c461706
_d461703